000 00549cam a22002171 4500
001 sa 63000324
003 DLC
005 20260227111920.0
008 890623s1962 ii 000 0 hino
010 _asa 63000324
035 _a(OCoLC)19917837
040 _aDLC
_cWaU
_dDLC
042 _apremarc
050 0 0 _aLB775.G22
_bB5
100 1 _aBhaṭanāgara, Rājendramohana.
245 1 0 _aBuniyādi śikshā kī rūpa rekhā.
260 _c[1962]
300 _a214 p.
_c19 cm.
500 _aIn Hindi.
650 0 _aWardha scheme of education.
999 _c53416
_d53416